Logistické hodnotenie poskytovateľa služby v doprave za rôznych podmienok

Návrh novej metodiky výpočtu hodnotenia funkčnej výkonnosti materiálových tokov za rôznych podmienok pri výbere dodávateľov logistických služieb v železničnej doprave.

Na minha lista:
Detalhes bibliográficos
Autor principal: Majerčák, Jozef
Outros Autores: Plevko, Juraj
Formato: Capítulo de Livro
Idioma:eslovaco
Assuntos:
Tags: Adicionar Tag
Sem tags, seja o primeiro a adicionar uma tag!

MARC

LEADER 00000naa a2200000 4500
001 0146375
005 20231012071748.3
041 0 |a slo 
044 |a SK 
245 1 0 |a Logistické hodnotenie poskytovateľa služby v doprave za rôznych podmienok  |c Jozef Majerčák, Juraj Plevko 
520 |a Návrh novej metodiky výpočtu hodnotenia funkčnej výkonnosti materiálových tokov za rôznych podmienok pri výbere dodávateľov logistických služieb v železničnej doprave. 
610 2 0 |a doprava 
610 2 0 |a doprava železničná 
610 2 0 |a služby logistické 
610 2 0 |a reťazce dodávateľsko-odberateľské 
610 2 0 |a manažment logistický 
610 2 0 |a reťazce logistické 
610 2 0 |a kvalita služieb 
100 1 |a Majerčák, Jozef 
700 1 |a Plevko, Juraj